000 00639nam a22002057a 4500
005 20130605165100.0
010 _aB-497058-065
020 _a9788176211376
_c150.00
035 _aB-497058-065
037 _adpl
_bUBH/Ven
082 _a158.1
100 _aBatra, Promod
245 _aCows don't give milk/
_cby Promod Batra
250 _b10th edn.
260 _aNew Delhi
_bFull Circle
_c2012
270 _aJ-40, Jorbagh Lane,
_bNew Delhi
_e110003
300 _a136p.
_bill.
_c20cm(pbk)
942 _2ddc
_cEN
_h158.1
_mBAT
999 _c76479
_d76479